[Event "XVIII MIEDZYNARODOWY FESTIWAL SZACHOWY PERLA BALTYKU - GRUPA A (FIDE min. 1700)"]
[Site "LAZY"]
[Date "1899-12-30"]
[Round "2.8"]
[White "Majewski, Krzysztof"]
[Black "Bury, Milosz"]
[Result "0-1"]
[WhiteTitle "I+"]
[BlackTitle "II"]
[WhiteElo "1933"]
[BlackElo "1685"]

1. e4 c5 2. b3 Nc6 3. Bb2 e6 4. Nf3 Nf6 5. e5 Nd5 6. c4 Nc7 7. Nc3 d5 8. exd6 Bxd6
9. Bd3 O-O 10. Qe2 e5 11. O-O-O f5 12. Bb1 Re8 13. Nb5 Nxb5 14. cxb5 Nd4 15. Nxd4
cxd4 16. f4 e4 17. Qc4+ Be6 18. Qxd4 Rc8+ 19. Bc2 Qc7 20. Bc3 Bxf4 21. Kb2 Red8
22. Qb4 Bxd2 23. Rxd2 Rxd2 24. Bxd2 Qxc2+ 25. Ka3 Qd3 26. Qe7 Qd7 27. Qb4 Rc2
28. Bc3 h6 29. Qc5 Qd3 30. Qe5 Qxc3 31. Qxe6+ Kh8 32. Qe8+ Kh7 33. Qd8 Qc5+ 34.
b4 Qc3+ 0-1

[Event "XVIII MIEDZYNARODOWY FESTIWAL SZACHOWY PERLA BALTYKU - GRUPA A (FIDE min. 1700)"]
[Site "LAZY"]
[Date "1899-12-30"]
[Round "2.9"]
[White "Gajec, Roza"]
[Black "Bartlomowicz, Jakub"]
[Result "0-1"]
[WhiteTitle "I"]
[BlackTitle "I"]
[WhiteElo "1268"]
[BlackElo "1922"]

1. e4 c5 2. Nf3 Nc6 3. d4 cxd4 4. Nxd4 g6 5. Nc3 Bg7 6. Be3 Nf6 7. Be2 O-O 8. Qd2
d5 9. exd5 Nxd5 10. Nxc6 bxc6 11. Nxd5 cxd5 12. c3 Qa5 13. h4 Rb8 14. Qc1 Rxb2
0-1

[Event "XVIII MIEDZYNARODOWY FESTIWAL SZACHOWY PERLA BALTYKU - GRUPA A (FIDE min. 1700)"]
[Site "LAZY"]
[Date "1899-12-30"]
[Round "2.10"]
[White "Rogala, Milosz"]
[Black "Galeziewski, Olaf"]
[Result "1-0"]
[WhiteTitle "I"]
[BlackTitle "II+"]
[WhiteElo "1837"]
[BlackElo "1633"]

1. e4 c5 2. Nf3 e6 3. d4 cxd4 4. Nxd4 Nc6 5. Nc3 a6 6. Be2 Qc7 7. Nxc6 bxc6 8.
O-O Bc5 9. Na4 Ba7 10. c4 Nf6 11. Qc2 h5 12. c5 Qe5 13. Bf3 g5 14. b3 g4 15. Bb2
Qg5 16. Be2 Bb8 17. Qc3 e5 18. Nb6 h4 19. f4 gxf3 20. Qxf3 h3 21. g3 Ke7 22. Nxa8
d5 23. Nb6 Nxe4 24. Nxc8+ Rxc8 25. Qxf7+ 1-0

[Event "XVIII MIEDZYNARODOWY FESTIWAL SZACHOWY PERLA BALTYKU - GRUPA A (FIDE min. 1700)"]
[Site "LAZY"]
[Date "1899-12-30"]
[Round "2.11"]
[White "Krainski, Aleksander"]
[Black "Blaszkiewicz, Jakub"]
[Result "1-0"]
[WhiteTitle "FM"]
[BlackTitle "II"]
[WhiteElo "2053"]
[BlackElo "1405"]

1. d4 d5 2. Nf3 Nf6 3. e3 e6 4. Be2 c5 5. O-O Nc6 6. c4 cxd4 7. Nxd4 e5 8. Nb3
d4 9. exd4 exd4 10. Bf3 d3 11. Nc3 Be7 12. Bf4 O-O 13. Rc1 Be6 14. Ne4 Nxe4 15.
Bxe4 Bf6 16. Nc5 Bxb2 17. Rb1 Be5 18. Bxe5 Nxe5 19. Nxe6 fxe6 20. Bxh7+ Kxh7 21.
Qh5+ Kg8 22. Qxe5 Qf6 23. Qe3 Rfd8 24. Rfd1 Qf5 25. Rxb7 Rac8 26. Qxa7 Qg4 27.
f3 Qd4+ 28. Qxd4 Rxd4 29. Rb3 Rcxc4 30. Rbxd3 Rxd3 31. Rxd3 Rc1+ 32. Kf2 Rc2+
33. Kg3 Rxa2 34. Rd7 Kh7 35. Re7 Ra6 36. Rf7 Kg6 37. Rf8 Ra4 38. Kh3 Kg5 39. g3
e5 40. Re8 Kf5 41. g4+ Kf4 42. Rf8+ Kg5 43. Rf5+ Kg6 44. Rxe5 Rf4 45. Kg3 Ra4
46. h4 Kf6 47. Rf5+ Kg6 48. h5+ Kh6 49. Rf8 Kh7 50. g5 Ra5 51. Kg4 Ra4+ 52. f4
g6 53. Rf7+ Kh8 54. hxg6 Rc4 55. Re7 Kg8 56. Kf5 Rc5+ 57. Kf6 Rc6+ 58. Re6 Rc8
59. f5 Rb8 60. Ke5 Rb5+ 61. Kf4 Rb4+ 62. Re4 Rb8 63. f6 Rc8 64. Re7 Rb8 65. Rg7+
Kf8 66. Rh7 Rb4+ 67. Kf5 Rb5+ 68. Kg4 Rb4+ 69. Kh5 Ke8 70. Rh8+ Kd7 71. g7 Rh4+
72. Kxh4 Kd6 73. g8=Q 1-0

[Event "XVIII MIEDZYNARODOWY FESTIWAL SZACHOWY PERLA BALTYKU - GRUPA A (FIDE min. 1700)"]
[Site "LAZY"]
[Date "1899-12-30"]
[Round "2.12"]
[White "Kusiak, Mateusz"]
[Black "Mielczarski, Miroslaw"]
[Result "1/2-1/2"]
[WhiteTitle "I+"]
[BlackTitle "k"]
[WhiteElo "1693"]
[BlackElo "2115"]

1. c4 e6 2. Nf3 d5 3. g3 Nf6 4. b3 d4 5. Bb2 c5 6. d3 Nc6 7. e3 dxe3 8. fxe3 Be7
9. Bg2 O-O 10. O-O Ng4 11. Qe2 Bf6 12. Nc3 Qe7 13. Nd2 Bxc3 14. Bxc3 f5 15. Bxc6
bxc6 16. Nf3 Qd6 17. Kg2 e5 18. h3 e4 19. hxg4 exf3+ 20. Rxf3 Be6 21. gxf5 Bxf5
22. e4 Qe6 23. Rf4 g5 24. Rf2 Bh3+ 25. Kg1 Rxf2 26. Kxf2 Bg4 27. Qe3 Rf8+ 28.
Kg1 Qh6 29. Bd2 Rf3 30. Qxg5+ Qxg5 31. Bxg5 Rxg3+ 32. Kf2 Rf3+ 33. Kg1 Rg3+ 34.
Kf2 Rf3+ 35. Kg2 Rxd3 36. Re1 Kf7 37. Be3 h5 38. Kg3 Ke6 39. Kf4 a6 40. Rf1 Rd7
41. Re1 1/2-1/2

[Event "XVIII MIEDZYNARODOWY FESTIWAL SZACHOWY PERLA BALTYKU - GRUPA A (FIDE min. 1700)"]
[Site "LAZY"]
[Date "1899-12-30"]
[Round "2.13"]
[White "Goral, Jan"]
[Black "Kaliszuk, Kamil"]
[Result "0-1"]
[WhiteTitle "I"]
[BlackTitle "k"]
[WhiteElo "1700"]
[BlackElo "2088"]

1. d4 Nf6 2. c4 e6 3. Nf3 d5 4. g3 Bb4+ 5. Bd2 Bd6 6. Bg2 c6 7. O-O O-O 8. Nc3
Ne4 9. Qc2 f5 10. b3 Nd7 11. Ne1 Nxd2 12. Qxd2 Nf6 13. e3 Qe8 14. Nd3 Ne4 15.
Qc2 g5 16. Rae1 g4 17. Rd1 Rf6 18. Ne2 h5 19. Nef4 Rh6 20. a4 Qe7 21. c5 Bc7 22.
b4 Bd7 23. Rb1 a6 24. Rfd1 h4 25. Kf1 Re8 26. Qb2 Qg7 27. Rbc1 Ng5 28. Ke2 Nf7
29. Qc2 e5 30. dxe5 Nxe5 31. Nxe5 Bxe5 32. Nd3 hxg3 33. hxg3 Rh2 34. Rg1 Bc7 35.
Kf1 Qh6 36. Re1 Qe6 37. Qc3 Be5 38. Nxe5 Qxe5 39. Qxe5 Rxe5 40. Rh1 Rxh1+ 41.
Bxh1 Re8 42. a5 Be6 43. Bg2 d4 44. Rc1 dxe3 45. fxe3 Bb3 46. Rc3 Ba4 47. Ke2 Rd8
48. Rc1 Bb5+ 49. Ke1 Rd3 50. Bf1 Rxe3+ 51. Kf2 Rf3+ 52. Kg2 Rxf1 53. Rxf1 Bxf1+
54. Kxf1 Kf7 55. Ke2 Ke6 56. Kd2 Ke5 57. Ke3 f4+ 58. gxf4+ Kf5 59. Ke2 Kxf4 60.
Kf2 g3+ 0-1

[Event "XVIII MIEDZYNARODOWY FESTIWAL SZACHOWY PERLA BALTYKU - GRUPA A (FIDE min. 1700)"]
[Site "LAZY"]
[Date "1899-12-30"]
[Round "2.14"]
[White "Majocha, Piotr"]
[Black "Przybylski, Bartosz"]
[Result "0-1"]
[WhiteTitle "I++"]
[BlackTitle "I"]
[WhiteElo "2036"]
[BlackElo "1679"]

1. d4 f5 2. Bg5 g6 3. e3 Bg7 4. h4 h6 5. Bf4 d6 6. Bc4 e5 7. Bg3 Qe7 8. Nc3 c6
9. dxe5 dxe5 10. Nge2 Be6 11. Bxe6 Qxe6 12. Qd2 Nd7 13. O-O-O O-O-O 14. f3 Ngf6
15. e4 Nb6 16. Qe3 fxe4 17. fxe4 Ng4 18. Qc5 h5 19. Kb1 Bh6 20. Nb5 Be3 21. Qc3
Nc4 22. Na3 Nd2+ 23. Ka1 Nxe4 24. Qc4 Qxc4 25. Nxc4 Nxg3 26. Nxg3 b5 27. Nd6+
Kc7 28. Nde4 Bf2 29. Kb1 Bxg3 30. Nxg3 Ne3 31. Rde1 Nxg2 32. Rxe5 Rhe8 33. Rg5
Nxh4 34. c3 Nf3 35. Rxg6 h4 36. Nf5 Re2 37. Ka1 Rdd2 38. Rb1 h3 39. Rg3 Ne1 40.
a3 h2 41. Rh3 Rd3 42. Rh7+ Rd7 43. Rh3 Rf7 44. Ng3 Nc2+ 45. Ka2 Rg2 46. Rh1 Rff2
47. Ne4 Nb4+ 48. axb4 Rxb2+ 49. Ka1 Rbe2 50. Rb1 Ra2# 0-1

[Event "XVIII MIEDZYNARODOWY FESTIWAL SZACHOWY PERLA BALTYKU - GRUPA A (FIDE min. 1700)"]
[Site "LAZY"]
[Date "1899-12-30"]
[Round "2.15"]
[White "Kejna, Piotr"]
[Black "Bochniak, Franciszek"]
[Result "1/2-1/2"]
[WhiteTitle "CM"]
[BlackTitle "I+"]
[WhiteElo "1970"]
[BlackElo "1664"]

1. e4 e5 2. Nf3 Nf6 3. Nxe5 Nxe4 4. Qe2 Qe7 5. Qxe4 d6 6. d4 dxe5 7. dxe5 Nc6 8.
Bb5 Bd7 9. O-O O-O-O 10. Nc3 Nxe5 11. Be3 Nc6 12. Qa4 Qb4 13. Bxc6 Bxc6 14. Qxa7
Qxb2 15. Ne2 Qa3 16. Qxa3 Bxa3 1/2-1/2

[Event "XVIII MIEDZYNARODOWY FESTIWAL SZACHOWY PERLA BALTYKU - GRUPA A (FIDE min. 1700)"]
[Site "LAZY"]
[Date "1899-12-30"]
[Round "2.16"]
[White "Malicki, Jan"]
[Black "Szydelko, Michal"]
[Result "0-1"]
[WhiteTitle "I"]
[BlackTitle "I++"]
[WhiteElo "1405"]
[BlackElo "1833"]

1. d4 Nf6 2. Nf3 e6 3. c4 b6 4. g3 Bb7 5. Bg2 c5 6. dxc5 Bxc5 7. Nc3 Ne4 8. Nxe4
Bxe4 9. O-O O-O 10. a3 Qf6 11. Qb3 d5 12. Nd2 Bxg2 13. Kxg2 d4 14. Qf3 Nd7 15.
Qxf6 Nxf6 16. Nf3 a5 17. a4 Ne4 18. Bf4 Rfd8 19. Rad1 Rac8 20. Ng5 Nf6 21. f3
Be7 22. b3 Nd7 23. Ne4 e5 24. Bc1 f5 25. Bg5 Bxg5 26. Nxg5 Nc5 27. Rb1 d3 28.
exd3 Rxd3 29. Rfd1 Rxd1 30. Rxd1 h6 31. Nh3 Nxb3 32. Rb1 Nd4 33. Rxb6 Rxc4 34.
Rb8+ Kf7 35. Rb7+ Kf6 36. Rb6+ Ne6 37. Nf2 Rxa4 38. Nd3 Rc4 39. Rb5 e4 40. fxe4
fxe4 41. Nf4 Nxf4+ 42. gxf4 a4 43. Kf2 a3 44. Ra5 Rc3 45. Ke2 Rh3 46. Ra4 0-1

[Event "XVIII MIEDZYNARODOWY FESTIWAL SZACHOWY PERLA BALTYKU - GRUPA A (FIDE min. 1700)"]
[Site "LAZY"]
[Date "1899-12-30"]
[Round "2.17"]
[White "Kietrys, Maciej"]
[Black "Sliz, Karol"]
[Result "1/2-1/2"]
[WhiteTitle "I"]
[BlackTitle "II+"]
[WhiteElo "1833"]
[BlackElo "1615"]

1. e4 c6 2. d4 d5 3. Nd2 dxe4 4. Nxe4 Nd7 5. Nf3 Ngf6 6. Nxf6+ Nxf6 7. h3 Bf5 8.
Bd3 Bxd3 9. Qxd3 e6 10. O-O Bd6 11. Re1 O-O 12. Bd2 Qc7 13. c4 Rad8 14. Bc3 Be7
15. Rad1 c5 16. d5 exd5 17. Qe2 d4 18. Bxd4 cxd4 19. Qxe7 Qxc4 20. Qxb7 Qxa2 21.
Rxd4 Rb8 22. Qc7 Rbc8 23. Qb7 Rb8 24. Qc7 Rfc8 25. Qe7 Qxb2 26. Qxa7 Ra8 27. Qe7
Re8 28. Qb4 Qxb4 29. Rxe8+ Rxe8 30. Rxb4 1/2-1/2

[Event "XVIII MIEDZYNARODOWY FESTIWAL SZACHOWY PERLA BALTYKU - GRUPA A (FIDE min. 1700)"]
[Site "LAZY"]
[Date "1899-12-30"]
[Round "2.18"]
[White "Krasniewski, Maciej"]
[Black "Lonski, Aleksander"]
[Result "1-0"]
[WhiteTitle "I"]
[BlackTitle "II"]
[WhiteElo "1737"]
[BlackElo "1517"]

1. d4 d5 2. c4 c6 3. Nc3 Nf6 4. Nf3 e6 5. e3 Nbd7 6. b3 b6 7. Bb2 Bd6 8. Bd3 Bb7
9. O-O O-O 10. Qe2 Rc8 11. Rac1 Qe7 12. e4 dxe4 13. Nxe4 Nxe4 14. Bxe4 Nf6 15.
Nd2 Rfd8 16. Rfe1 Ba3 17. Bxa3 Qxa3 18. Nf3 Rc7 19. Rc2 Qe7 20. c5 Nxe4 21. Qxe4
Rd5 22. b4 Rcd7 23. Qf4 Qd8 24. Re5 Rxd4 25. Qg3 Rd1+ 26. Ne1 g6 27. h4 R7d3 28.
f3 Qc7 29. Kh2 Rd4 30. f4 Rd5 31. Rce2 Ba6 32. R2e3 R1d2 33. h5 Kg7 34. Qh4 Qd8
35. h6+ Kf8 36. Qxd8+ Rxd8 37. Ra3 Bc4 38. Rxa7 Rxa2 39. cxb6 Rxa7 40. bxa7 Bb5
41. Re3 Ra8 42. Ra3 Ke7 43. Nf3 f6 44. g4 Be2 45. Nd4 Bxg4 46. Nxc6+ Kd7 47. b5
Kc7 48. Ra6 Bf3 49. Nd4 Bb7 50. Rxe6 Rd8 51. b6+ Kd7 52. Re2 Kc8 53. Rc2+ 1-0

[Event "XVIII MIEDZYNARODOWY FESTIWAL SZACHOWY PERLA BALTYKU - GRUPA A (FIDE min. 1700)"]
[Site "LAZY"]
[Date "1899-12-30"]
[Round "3.1"]
[White "Bartlomowicz, Jakub"]
[Black "Mulet, Piotr"]
[Result "0-1"]
[WhiteTitle "I"]
[BlackTitle "FM"]
[WhiteElo "1922"]
[BlackElo "2111"]

1. e4 c6 2. d4 d5 3. Nc3 dxe4 4. Nxe4 Nf6 5. Nxf6+ exf6 6. c3 Bd6 7. Bd3 O-O 8.
Ne2 Re8 9. Qc2 h6 10. O-O Nd7 11. Be3 Nf8 12. c4 Bg4 13. Nc3 Bc7 14. Be4 Qd7 15.
g3 f5 16. Bg2 f4 17. gxf4 Ng6 18. Ne4 Bxf4 19. Bxf4 Nxf4 20. f3 Qxd4+ 21. Qf2
Qxf2+ 22. Rxf2 Bh3 23. Bf1 Rad8 24. c5 Re5 25. b4 Rd4 26. a3 b6 27. Rc2 bxc5 28.
Nxc5 Bf5 29. Ne4 Bxe4 30. fxe4 Rd6 31. Rac1 Rg5+ 32. Kf2 Nd3+ 33. Bxd3 Rxd3 34.
Rxc6 Rxa3 35. Rc8+ Kh7 36. R8c7 Rh5 37. Rxf7 Rxh2+ 38. Kg1 Rb2 39. Re1 Kg8 40.
Rb7 Ra4 41. b5 Ra5 42. Rb8+ Kh7 43. e5 Raxb5 44. Rxb5 Rxb5 45. e6 Rb8 46. Ra1
Re8 47. Rxa7 Rxe6 48. Kg2 h5 49. Kg3 Kh6 50. Ra8 Rb6 51. Rh8+ Kg5 52. Rg8 g6 53.
Ra8 Rb3+ 54. Kg2 h4 55. Ra5+ Kh6 56. Ra4 g5 0-1

[Event "XVIII MIEDZYNARODOWY FESTIWAL SZACHOWY PERLA BALTYKU - GRUPA A (FIDE min. 1700)"]
[Site "LAZY"]
[Date "1899-12-30"]
[Round "3.2"]
[White "Betkowski, Andrzej"]
[Black "Rogala, Milosz"]
[Result "1/2-1/2"]
[WhiteTitle "k"]
[BlackTitle "I"]
[WhiteElo "2063"]
[BlackElo "1837"]

1. e4 c6 2. d4 d5 3. e5 c5 4. dxc5 e6 5. Nf3 Bxc5 6. a3 Ne7 7. Bd3 Ng6 8. O-O Nc6
9. b4 Bb6 10. Re1 a5 11. bxa5 Bxa5 12. Bd2 Bc7 13. Bg5 f6 14. exf6 gxf6 15. Bh6
Kf7 16. c4 dxc4 17. Bxc4 Qxd1 18. Rxd1 Nce5 19. Nxe5+ 1/2-1/2

[Event "XVIII MIEDZYNARODOWY FESTIWAL SZACHOWY PERLA BALTYKU - GRUPA A (FIDE min. 1700)"]
[Site "LAZY"]
[Date "1899-12-30"]
[Round "3.3"]
[White "Ciszewski, Krzysztof"]
[Black "Bury, Milosz"]
[Result "1/2-1/2"]
[WhiteTitle "I++"]
[BlackTitle "II"]
[WhiteElo "2017"]
[BlackElo "1685"]

1. d4 Nf6 2. c4 e6 3. Nc3 Bb4 4. e3 O-O 5. Bd3 d5 6. Nf3 b6 7. a3 Bxc3+ 8. bxc3
Bb7 9. O-O Nbd7 10. cxd5 exd5 11. Qe2 c5 12. a4 a5 13. Rb1 Ne4 14. Bb2 f5 15.
c4 Kh8 16. Rfd1 Qe7 17. Ba1 Rac8 18. Ne5 Nxe5 19. dxe5 dxc4 20. Bxc4 Qg5 21. f3
f4 22. exf4 Rxf4 23. Bd5 Bxd5 24. Rxd5 Nf6 25. Rd6 Ne8 26. Rdxb6 Rb4 27. Bc3 Qf5
28. Qe1 Rxb1 29. Qxb1 Qf4 30. Qe4 Qc1+ 31. Qe1 Qc2 32. e6 Rd8 33. Rb1 Qxa4 34.
Bxa5 Rd6 35. e7 h6 36. Bc3 Qd7 37. Rb8 Rd1 38. Rxe8+ Kh7 39. Rh8+ Kxh8 40. e8=Q+
Qxe8 41. Qxd1 Qe3+ 42. Kf1 Qxc3 43. Qd8+ Kh7 44. Qd5 Qc1+ 1/2-1/2

[Event "XVIII MIEDZYNARODOWY FESTIWAL SZACHOWY PERLA BALTYKU - GRUPA A (FIDE min. 1700)"]
[Site "LAZY"]
[Date "1899-12-30"]
[Round "3.4"]
[White "Banasik, Krzysztof"]
[Black "Krasniewski, Maciej"]
[Result "1-0"]
[WhiteTitle "k+"]
[BlackTitle "I"]
[WhiteElo "2199"]
[BlackElo "1737"]

1. c4 Nf6 2. Nc3 g6 3. g3 Bg7 4. Bg2 O-O 5. Rb1 d6 6. d3 Nbd7 7. e3 a5 8. Nge2
c6 9. a3 e6 10. O-O Rb8 11. b4 axb4 12. axb4 d5 13. b5 dxc4 14. dxc4 Qc7 15. Ba3
c5 16. b6 Qe5 17. Rb5 Ra8 18. Na4 Ne4 19. Qc2 Nd6 20. Rbb1 Nf5 21. e4 Nd4 22.
Nxd4 Qxd4 23. Rfd1 Qe5 24. Rb5 Re8 25. Bxc5 Nxc5 26. Rxc5 Qf6 27. Rc7 e5 28. c5
Rd8 29. Nc3 Bg4 30. Re1 Bh6 31. Nd5 Qg7 32. Rxb7 1-0

[Event "XVIII MIEDZYNARODOWY FESTIWAL SZACHOWY PERLA BALTYKU - GRUPA A (FIDE min. 1700)"]
[Site "LAZY"]
[Date "1899-12-30"]
[Round "3.5"]
[White "Przybylski, Bartosz"]
[Black "Rawicz, Karol"]
[Result "1/2-1/2"]
[WhiteTitle "I"]
[BlackTitle "FM"]
[WhiteElo "1679"]
[BlackElo "2186"]

1. e4 c5 2. Nf3 e6 3. b4 cxb4 4. a3 d5 5. e5 Nc6 6. axb4 Bxb4 7. c3 Be7 8. d4 Bd7
9. Na3 Na5 10. Bd3 Rc8 11. Bd2 a6 12. O-O Bxa3 13. Rxa3 Nc4 14. Ra2 Nxd2 15. Qxd2
Ne7 16. Rb1 Rc7 17. Ra3 Nc6 18. c4 dxc4 19. Be4 Qe7 20. Re3 h6 21. h3 O-O 22.
Nh2 Qg5 23. f4 Qxf4 24. Rf1 Qg5 25. Qf2 Nxd4 26. Rg3 Qxe5 27. Ng4 Qxg3 28. Nxh6+
Kh8 29. Nxf7+ Rxf7 30. Qxf7 Nf5 31. Rxf5 1/2-1/2

[Event "XVIII MIEDZYNARODOWY FESTIWAL SZACHOWY PERLA BALTYKU - GRUPA A (FIDE min. 1700)"]
[Site "LAZY"]
[Date "1899-12-30"]
[Round "3.6"]
[White "Kaliszuk, Kamil"]
[Black "Bancarewicz, Aleks"]
[Result "1-0"]
[WhiteTitle "k"]
[BlackTitle "I+"]
[WhiteElo "2088"]
[BlackElo "1786"]

1. e4 c5 2. Nf3 d6 3. Bb5+ Nd7 4. c3 Ngf6 5. Bd3 g6 6. Bc2 Bg7 7. d4 O-O 8. O-O
e5 9. dxe5 Nxe5 10. Nxe5 dxe5 11. Qe2 Be6 12. Rd1 Qc7 13. c4 Rfd8 14. Nc3 Rxd1+
15. Bxd1 Ne8 16. Be3 Nd6 17. Bb3 f5 18. f3 b6 19. Rd1 f4 20. Bf2 Bf8 21. g3 g5
22. Kh1 h5 23. gxf4 gxf4 24. Bh4 Be7 25. Rg1+ Kh8 26. Nd5 Bxd5 27. exd5 Nf5 28.
Qe4 Rf8 29. Bxe7 Qxe7 30. Bc2 Kh7 31. d6 Qf6 32. d7 Qe7 33. Qc6 Qf7 34. Rg5 Qxc4
35. Qg6+ 1-0

[Event "XVIII MIEDZYNARODOWY FESTIWAL SZACHOWY PERLA BALTYKU - GRUPA A (FIDE min. 1700)"]
[Site "LAZY"]
[Date "1899-12-30"]
[Round "3.7"]
[White "Gbiorczyk, Mikolaj"]
[Black "Krainski, Aleksander"]
[Result "1/2-1/2"]
[WhiteTitle "I"]
[BlackTitle "FM"]
[WhiteElo "1781"]
[BlackElo "2053"]

1. d4 d5 2. c4 e6 3. Nf3 Nf6 4. g3 Be7 5. Bg2 O-O 6. O-O c6 7. Qc2 b6 8. Nbd2 Bb7
9. e4 Na6 10. a3 c5 11. exd5 exd5 12. Rd1 Rc8 13. dxc5 Nxc5 14. b4 Ne6 15. Bb2
dxc4 16. Nxc4 Qc7 17. Rac1 Bd5 18. Bxf6 Bxf3 19. Bxf3 Bxf6 20. Ne3 Qxc2 21. Rxc2
Rxc2 22. Nxc2 Rc8 23. Ne3 Kf8 24. Rd7 Rc7 25. Rxc7 Nxc7 26. Nd5 1/2-1/2

[Event "XVIII MIEDZYNARODOWY FESTIWAL SZACHOWY PERLA BALTYKU - GRUPA A (FIDE min. 1700)"]
[Site "LAZY"]
[Date "1899-12-30"]
[Round "3.8"]
[White "Gradalski, Olaf"]
[Black "Lasok, Marek"]
[Result "1-0"]
[WhiteTitle "k"]
[BlackTitle "I"]
[WhiteElo "2049"]
[BlackElo "1526"]

1. e4 c5 2. Nf3 Nc6 3. d4 cxd4 4. Nxd4 Nf6 5. Nc3 d6 6. Bc4 e6 7. Be3 a6 8. Qe2
Bd7 9. Bb3 b5 10. a3 Be7 11. O-O Qc7 12. Rad1 Na5 13. Ba2 Nc4 14. Bc1 Rc8 15.
f4 O-O 16. Rd3 Rfd8 17. Kh1 Bc6 18. f5 e5 19. Nxc6 Qxc6 20. Rfd1 a5 21. g4 h6
22. h4 Nh7 23. Nd5 Bxh4 24. g5 hxg5 25. Ne7+ 1-0

[Event "XVIII MIEDZYNARODOWY FESTIWAL SZACHOWY PERLA BALTYKU - GRUPA A (FIDE min. 1700)"]
[Site "LAZY"]
[Date "1899-12-30"]
[Round "3.9"]
[White "Zabron, Maksym"]
[Black "Borkowski, Szymon"]
[Result "1-0"]
[WhiteTitle "I++"]
[BlackTitle "I"]
[WhiteElo "1947"]
[BlackElo "1715"]

1. d4 Nf6 2. c4 g6 3. Nc3 Bg7 4. e4 d6 5. Nf3 O-O 6. Be2 e5 7. Be3 exd4 8. Nxd4
Re8 9. f3 c6 10. Bf2 d5 11. exd5 cxd5 12. c5 Nc6 13. O-O Bf8 14. Kh1 Bd7 15. a3
Rc8 16. b4 a5 17. Qb3 Nh5 18. Rfd1 Nf4 19. Bf1 Qg5 20. g3 Nh3 21. Bxh3 Bxh3 22.
Qxd5 Qf6 23. Ne4 Rxe4 24. Qxe4 axb4 25. Nxc6 Rxc6 26. Bd4 Qe6 27. Qxe6 Rxe6 28.
axb4 Re2 29. Re1 Bg2+ 30. Kg1 Rxe1+ 31. Rxe1 Bxf3 32. Bf6 Bc6 33. Rd1 h5 34. Rd8
1-0

[Event "XVIII MIEDZYNARODOWY FESTIWAL SZACHOWY PERLA BALTYKU - GRUPA A (FIDE min. 1700)"]
[Site "LAZY"]
[Date "1899-12-30"]
[Round "3.10"]
[White "Szydelko, Michal"]
[Black "Pijewski, Milosz"]
[Result "0-1"]
[WhiteTitle "I++"]
[BlackTitle "II"]
[WhiteElo "1833"]
[BlackElo "1496"]

1. e4 c6 2. Nc3 d5 3. Nf3 dxe4 4. Nxe4 Nf6 5. Ng3 h5 6. h4 Bg4 7. Be2 e6 8. d3
Be7 9. c3 Nbd7 10. Ng5 Qc7 11. N5e4 Bxe2 12. Qxe2 Nxe4 13. Nxe4 O-O-O 14. Be3
Ne5 15. d4 Ng4 16. O-O-O Qa5 17. Kb1 Qf5 18. f3 Nf6 19. Qc2 Rd7 20. Nxf6 Qxc2+
21. Kxc2 Bxf6 22. Bg5 Bxg5 23. hxg5 Rdd8 24. Rh4 g6 25. Rdh1 Rhe8 26. Rf4 Re7
27. g4 hxg4 28. Rxg4 Rd5 29. c4 Rf5 30. f4 c5 31. Rd1 Rd7 32. Kc3 b5 33. cxb5
Rfd5 34. a4 Rxd4 35. Rxd4 Rxd4 36. Rh4 Rxa4 37. Rh8+ Kb7 38. f5 gxf5 39. Rf8 Rg4
40. Rxf7+ Kb6 41. Rg7 Kxb5 42. g6 Rg3+ 43. Kd2 Kc4 44. Rg8 a5 45. g7 a4 46. Ke2
e5 47. Kf2 f4 48. Re8 Rxg7 49. Rxe5 Rf7 50. Kf3 Kb3 51. Rxc5 Kxb2 52. Ra5 a3 53.
Rb5+ Ka1 54. Rb3 a2 55. Rb4 Rc7 56. Ke2 f3+ 57. Kd1 f2 58. Ke2 Rc1 59. Kxf2 Rb1
60. Re4 Kb2 0-1

[Event "XVIII MIEDZYNARODOWY FESTIWAL SZACHOWY PERLA BALTYKU - GRUPA A (FIDE min. 1700)"]
[Site "LAZY"]
[Date "1899-12-30"]
[Round "3.11"]
[White "Mielczarski, Miroslaw"]
[Black "Bem, Tymoteusz"]
[Result "1-0"]
[WhiteTitle "k"]
[BlackTitle "II+"]
[WhiteElo "2115"]
[BlackElo "1682"]

1. d4 d5 2. c4 c6 3. Nc3 Nf6 4. Nf3 dxc4 5. a4 Bf5 6. e3 e6 7. Bxc4 Bb4 8. O-O
O-O 9. Qe2 Bg6 10. Ne5 Nbd7 11. Nxg6 hxg6 12. Rd1 Qe7 13. Qc2 c5 14. Na2 cxd4
15. Nxb4 Qxb4 16. Rxd4 Qe1+ 17. Bf1 e5 18. Rd1 Qb4 19. Bd2 Qc5 20. Qb3 Qb6 21.
Qa3 Ne4 22. Be1 Rfd8 23. a5 Qc5 24. Bb4 Qc2 25. f3 Qf2+ 26. Kh1 Nef6 27. Rd2 Qh4
28. Be7 g5 29. Bxd8 Rxd8 30. Rad1 g4 31. Qa4 e4 32. g3 Qh5 33. fxe4 Re8 34. Rxd7
Nxe4 35. Rd8 Nf2+ 36. Kg1 Rxd8 37. Rxd8+ Kh7 38. Kxf2 Qxh2+ 39. Bg2 Qh6 40. Be4+
g6 41. Qd4 Qh2+ 42. Bg2 1-0

[Event "XVIII MIEDZYNARODOWY FESTIWAL SZACHOWY PERLA BALTYKU - GRUPA A (FIDE min. 1700)"]
[Site "LAZY"]
[Date "1899-12-30"]
[Round "3.12"]
[White "Stepinski, Piotr"]
[Black "Laszewicz, Pawel"]
[Result "1-0"]
[WhiteTitle "I"]
[BlackTitle "k"]
[WhiteElo "1697"]
[BlackElo "2075"]

1. d4 e6 2. e4 c5 3. c3 Nf6 4. e5 Nd5 5. Nf3 cxd4 6. cxd4 Nc6 7. Bc4 Nb6 8. Bb3
d6 9. O-O dxe5 10. dxe5 Qxd1 11. Rxd1 a6 12. Nc3 Nd7 13. Bf4 h6 14. h4 Be7 15.
h5 b5 16. Rac1 Bb7 17. Bc2 O-O-O 18. Ne4 Ndb8 19. Nd6+ Bxd6 20. exd6 Kd7 21. Be4
f6 22. Nh4 Rhf8 23. Ng6 Rf7 24. a3 Re8 25. Be3 Rc8 26. Bb6 f5 27. Bxc6+ Nxc6 28.
Rxc6 Kxc6 29. Ne5+ Kxb6 30. Nxf7 Bc6 31. d7 Bxd7 32. Rxd7 Rc1+ 33. Kh2 Rc2 34.
Rd6+ Ka7 35. b4 Rxf2 36. Rxe6 f4 37. Rg6 Ra2 38. Rxg7 Kb8 39. Nxh6 f3 40. Kg1
Rxa3 41. gxf3 Rxf3 42. Ng4 a5 43. bxa5 b4 44. Kg2 Rf5 45. h6 b3 46. h7 Rh5 47.
Rg8+ Ka7 48. h8=Q Rxh8 49. Rxh8 b2 50. Rh1 1-0

[Event "XVIII MIEDZYNARODOWY FESTIWAL SZACHOWY PERLA BALTYKU - GRUPA A (FIDE min. 1700)"]
[Site "LAZY"]
[Date "1899-12-30"]
[Round "3.13"]
[White "Kusiak, Mateusz"]
[Black "Slawinski, Miroslaw"]
[Result "0-1"]
[WhiteTitle "I+"]
[BlackTitle "k"]
[WhiteElo "1693"]
[BlackElo "2025"]

1. e4 e6 2. d4 a6 3. Nf3 b5 4. Bd3 Bb7 5. O-O c5 6. c3 d5 7. e5 h6 8. Re1 Nd7 9.
Nbd2 Ne7 10. Nf1 Nc6 11. h3 b4 12. Ne3 Qb6 13. Nh4 O-O-O 14. Nf3 Be7 15. Bf1 g5
16. cxb4 cxd4 17. Nc2 Nxb4 18. Ncxd4 Rdg8 19. Be3 Kb8 20. a3 Nc6 21. Nxe6 d4 22.
Nexd4 Ncxe5 23. Nxe5 Nxe5 24. Nf5 Qe6 25. Nxe7 Qxe7 26. Qd4 Nc6 27. Qa4 Qf6 28.
Bxa6 Bxa6 29. Qxa6 g4 30. Qb6+ Ka8 31. Rac1 gxh3 32. Rc4 Rxg2+ 33. Kf1 Rg1+ 34.
Kxg1 Qg6+ 35. Bg5 Qxg5+ 36. Kf1 Qg2+ 37. Ke2 Re8+ 38. Kd3 Qg6+ 39. Kd2 Rd8+ 40.
Kc1 Rc8 41. Re5 Qg1+ 42. Kd2 Rd8+ 43. Ke3 Qe1+ 44. Kf3 Nxe5+ 45. Kg3 Rg8+ 46.
Kf4 Rg4+ 47. Kf5 Rxc4 48. Qa6+ Kb8 49. Qd6+ 0-1

[Event "XVIII MIEDZYNARODOWY FESTIWAL SZACHOWY PERLA BALTYKU - GRUPA A (FIDE min. 1700)"]
[Site "LAZY"]
[Date "1899-12-30"]
[Round "3.14"]
[White "Lecki, Leonard"]
[Black "Kejna, Piotr"]
[Result "0-1"]
[WhiteTitle "II+"]
[BlackTitle "CM"]
[WhiteElo "1658"]
[BlackElo "1970"]

1. e4 g6 2. d4 Bg7 3. Nf3 d6 4. c4 Bg4 5. Be2 c5 6. dxc5 Bxf3 7. Bxf3 Qa5+ 8. Nc3
Qxc5 9. O-O Nd7 10. Be3 Qa5 11. Be2 Ngf6 12. Rc1 O-O 13. Qd2 Rfc8 14. a3 Qd8 15.
f3 Nc5 16. b4 Nb3 17. Qd3 Nxc1 18. Rxc1 Nd7 19. Qd1 Ne5 20. Nd5 e6 21. Nf4 Qe7
22. Qb3 a5 23. Rd1 axb4 24. axb4 Nd7 25. Nd3 Ra6 26. c5 Rca8 27. cxd6 Rxd6 28.
Qc4 Ne5 29. Qb5 Nxd3 30. Rxd3 Ra1+ 31. Bf1 Rxd3 32. Qxd3 Qxb4 33. Qd8+ Qf8 34.
Qb6 Qc8 35. Bc5 Rc1 36. Be3 Rc6 37. Qb5 Rc3 38. Bf2 Qc6 39. Qa5 Bf6 40. e5 Be7
41. h4 Qc7 42. Qa8+ Qc8 43. Qa2 Bc5 44. Qa1 Bxf2+ 45. Kxf2 Qc5+ 46. Kg3 Qxe5+
47. Kg4 Rc4+ 0-1

[Event "XVIII MIEDZYNARODOWY FESTIWAL SZACHOWY PERLA BALTYKU - GRUPA A (FIDE min. 1700)"]
[Site "LAZY"]
[Date "1899-12-30"]
[Round "3.15"]
[White "Bochniak, Franciszek"]
[Black "Majewski, Krzysztof"]
[Result "1-0"]
[WhiteTitle "I+"]
[BlackTitle "I+"]
[WhiteElo "1664"]
[BlackElo "1933"]

1. d4 g6 2. Nc3 Bg7 3. e4 c6 4. Nf3 d5 5. e5 f6 6. Bf4 Qb6 7. Na4 Qa5+ 8. c3 Nd7
9. b4 Qd8 10. Qe2 b5 11. Nb2 Nb6 12. a4 bxa4 13. Nxa4 Bg4 14. Nc5 fxe5 15. Bxe5
Nf6 16. h3 Bd7 17. Nb7 Qc8 18. Bxf6 O-O 19. Bxg7 Kxg7 20. Nc5 e5 21. Nxe5 Bf5
22. Qa6 Qe8 23. Be2 Nc4 24. Bxc4 dxc4 25. Qxc6 Qd8 26. Qb7+ Kg8 27. Ncd7 Qg5 28.
Nxf8 Rxf8 29. Qd5+ Kh8 30. Nf7+ Rxf7 31. Qxf7 h5 32. Qf8+ Kh7 33. Rxa7+ 1-0